[Event "Santiago de Compostela Bicapawn GP Rap"]
[Site "Santiago de Compostela"]
[Date "2022.10.22"]
[Round "1"]
[White "Van Foreest, Jorden"]
[Black "Carballido Bouzas, Adan"]
[Result "1-0"]
[WhiteElo "2694"]
[BlackElo "1725"]
[PlyCount "61"]
[EventDate "2022.10.22"]
[EventType "swiss (rapid)"]
[EventRounds "9"]
[EventCountry "ESP"]
[SourceTitle "CBM 210 Extra"]
[Source "ChessBase"]
[SourceDate "2022.11.30"]
[SourceVersion "1"]
[SourceVersionDate "2022.11.30"]
[SourceQuality "1"]

1. Nf3 Nf6 2. c4 e6 3. g3 d5 4. Bg2 c6 5. b3 Bd6 6. Bb2 Nbd7 7. d4 Ne4 8. 0-0 0-0 9. e3 f5 10. Ba3 Nc3 11. Qc2 Bxa3 12. Nxa3 Qa5 13. Qb2 Ne4 14. b4 Qd8 15. b5 g5 16. Rac1 h5 17. Nc2 a5 18. bxa6 Rxa6 19. Nb4 Rb6 20. a4 c5 21. dxc5 Nexc5 22. Qa3 Rxb4 23. Qxb4 Nd3 24. Qd6 Nxc1 25. Qxe6+ Kg7 26. Rxc1 Nf6 27. Qe5 Re8 28. Qb2 Kg6 29. Ne5+ Kh7 30. cxd5 Nxd5 31. Bxd5 1-0

[Event "Santiago de Compostela Bicapawn GP B2"]
[Site "Santiago de Compostela"]
[Date "2022.10.20"]
[Round "5"]
[White "Carballido Bouzas, Adan"]
[Black "Dvirnyy, Danyyil"]
[Result "1-0"]
[WhiteElo "1725"]
[BlackElo "2514"]
[PlyCount "69"]
[EventDate "2022.10.20"]
[EventType "swiss (blitz)"]
[EventRounds "9"]
[EventCountry "ESP"]
[SourceTitle "CBM 210 Extra"]
[Source "ChessBase"]
[SourceDate "2022.11.30"]
[SourceVersion "1"]
[SourceVersionDate "2022.11.30"]
[SourceQuality "1"]

1. c4 e5 2. Nc3 Nf6 3. g3 c6 4. Nf3 e4 5. Nd4 Qb6 6. Nb3 a5 7. d3 a4 8. Nd2 a3 9. Qb3 Qxb3 10. axb3 exd3 11. e3 Na6 12. Bxd3 Nb4 13. Bb1 a2 14. Nxa2 d5 15. 0-0 Bh3 16. Rd1 Bc5 17. cxd5 cxd5 18. Nf3 Ne4 19. Nd4 0-0 20. f3 Ng5 21. Kf2 Ra6 22. Bd2 h5 23. Bxb4 Bxb4 24. Nxb4 Rxa1 25. Bh7+ Kxh7 26. Rxa1 Be6 27. h4 Nh3+ 28. Kg2 Rc8 29. Nxe6 fxe6 30. Kxh3 Rc5 31. Nd3 Rc2 32. Nf4 Rxb2 33. Ra3 Rf2 34. Nxe6 Rxf3 35. Ng5+ 1-0

[Event "Santiago de Compostela Bicapawn GP B2"]
[Site "Santiago de Compostela"]
[Date "2022.10.20"]
[Round "8"]
[White "Van Dael, Siem"]
[Black "Carballido Bouzas, Adan"]
[Result "1/2-1/2"]
[WhiteElo "2359"]
[BlackElo "1725"]
[PlyCount "127"]
[EventDate "2022.10.20"]
[EventType "swiss (blitz)"]
[EventRounds "9"]
[EventCountry "ESP"]
[SourceTitle "CBM 210 Extra"]
[Source "ChessBase"]
[SourceDate "2022.11.30"]
[SourceVersion "1"]
[SourceVersionDate "2022.11.30"]
[SourceQuality "1"]

1. Nf3 d5 2. g3 g6 3. Bg2 Bg7 4. d4 Nd7 5. 0-0 c6 6. a4 a5 7. b3 e5 8. dxe5 Nxe5 9. Nxe5 Bxe5 10. Ra2 Be6 11. Bb2 Bxb2 12. Rxb2 Qf6 13. c3 Ne7 14. Qd4 Qxd4 15. cxd4 Nf5 16. e3 Ke7 17. Rc1 g5 18. Nc3 h5 19. b4 axb4 20. Rxb4 Ra7 21. e4 dxe4 22. Bxe4 Nd6 23. Bg2 Bf5 24. d5 c5 25. Rb6 Ra6 26. Rb2 Bd3 27. Bf1 Bxf1 28. Kxf1 Kd7 29. Rcb1 Re8 30. h3 Kc7 31. Rc2 b6 32. Kg2 Kd7 33. Rcb2 Nc4 34. Ra2 f5 35. Rc1 Nd6 36. Rb2 Re5 37. Rd1 Ne4 38. Nb1 Kc7 39. Na3 Rxa4 40. Nb5+ Kd7 41. d6 Re6 42. Rd5 Rb4 43. Rxb4 cxb4 44. Rd4 Nxd6 45. Rxb4 Nxb5 46. Rxb5 Rf6 47. g4 hxg4 48. hxg4 Kc6 49. Re5 fxg4 50. Rxg5 Rf4 51. Kg3 Rd4 52. Rxg4 Rxg4+ 53. Kxg4 Kd5 54. f4 b5 55. Kf3 Kc4 56. Ke2 b4 57. f5 b3 58. f6 b2 59. f7 b1Q 60. f8Q Qe4+ 61. Kf2 Qd4+ 62. Kg2 Qd5+ 63. Qf3 Qxf3+ 64. Kxf3 1/2-1/2

[Event "ESP-chT Rapid"]
[Site "Toledo"]
[Date "2022.09.25"]
[Round "6"]
[White "Lizuain Toni, Javier"]
[Black "Carballido Bouzas, Adan"]
[Result "1-0"]
[WhiteElo "2070"]
[BlackElo "1725"]
[PlyCount "43"]
[EventDate "2022.09.24"]
[EventType "team-swiss (rapid)"]
[EventRounds "9"]
[EventCountry "ESP"]
[SourceTitle "CBM 210 Extra"]
[Source "ChessBase"]
[SourceDate "2022.11.30"]
[SourceVersion "1"]
[SourceVersionDate "2022.11.30"]
[SourceQuality "1"]
[WhiteTeam "San Juan"]
[BlackTeam "Escola Luguesa"]
[WhiteTeamCountry "ESP"]
[BlackTeamCountry "ESP"]

1. e4 c5 2. Nc3 d6 3. Bb5+ Nd7 4. d3 a6 5. Bxd7+ Bxd7 6. f4 b5 7. Nf3 g6 8. 0-0 Bg7 9. Qe1 Bc6 10. Qh4 c4 11. Be3 e6 12. Qh3 b4 13. Ne2 b3 14. axb3 cxb3 15. Ned4 Qb6 16. Rae1 bxc2 17. Nxe6 Qxb2 18. Nc7+ Ke7 19. Nxa8 Bxa8 20. Qc8 Nh6 21. Qc7+ Kf8 22. Qd8# 1-0

[Event "Pontevedra op-B 10th"]
[Site "Pontevedra"]
[Date "2022.07.29"]
[Round "8.9"]
[White "Carballido Bouzas, Adan"]
[Black "Herrera Saavedra, Andre"]
[Result "1-0"]
[WhiteElo "1728"]
[BlackElo "1567"]
[PlyCount "91"]
[EventDate "2022.07.24"]
[EventType "swiss"]
[EventRounds "9"]
[EventCountry "ESP"]
[SourceTitle "EXT 2023"]
[Source "ChessBase"]
[SourceDate "2022.10.05"]
[SourceVersion "1"]
[SourceVersionDate "2022.10.05"]
[SourceQuality "1"]

1. a3 Nf6 2. d3 e5 3. Nd2 Bc5 4. e4 d5 5. Be2 0-0 6. Ngf3 Re8 7. 0-0 Nc6 8. h3 Be6 9. Re1 Qe7 10. Ng5 Rad8 11. Nxe6 Qxe6 12. Nb3 Bb6 13. exd5 Nxd5 14. Bf3 Qf5 15. Qe2 Nd4 16. Nxd4 Bxd4 17. Rb1 c6 18. Bd2 Nf4 19. Qe4 Qg5 20. Bxf4 Qxf4 21. Qxf4 exf4 22. c3 Bf6 23. Rxe8+ Rxe8 24. d4 Kf8 25. Rd1 Re7 26. Kf1 Ke8 27. Rd2 Kd7 28. Bg4+ Kd6 29. Bf3 Kc7 30. Rd3 Kb6 31. Bd1 Kb5 32. Bb3 Rd7 33. Rf3 Bg5 34. g3 c5 35. h4 Bh6 36. c4+ Kb6 37. d5 fxg3 38. Ba4 Rd6 39. Rxf7 gxf2 40. b4 Rf6 41. Re7 a5 42. Re6+ Kc7 43. d6+ Kb6 44. d7+ Kc7 45. Re8 b5 46. d8Q+ 1-0

[Event "Pontevedra op-B 10th"]
[Site "Pontevedra"]
[Date "2022.07.28"]
[Round "7.12"]
[White "Reboredo Barrosa, Antia"]
[Black "Carballido Bouzas, Adan"]
[Result "0-1"]
[WhiteElo "1109"]
[BlackElo "1728"]
[PlyCount "142"]
[EventDate "2022.07.24"]
[EventType "swiss"]
[EventRounds "9"]
[EventCountry "ESP"]
[SourceTitle "EXT 2023"]
[Source "ChessBase"]
[SourceDate "2022.10.05"]
[SourceVersion "1"]
[SourceVersionDate "2022.10.05"]
[SourceQuality "1"]

1. e4 e5 2. Nf3 Nc6 3. Bb5 a6 4. Bxc6 dxc6 5. d4 exd4 6. Nxd4 Bc5 7. c3 h6 8. 0-0 Ne7 9. Be3 0-0 10. Nd2 Ba7 11. f4 Kh8 12. Qh5 Ng8 13. e5 c5 14. Ne2 Qd3 15. Qf3 Bg4 16. Nc1 Bxf3 17. Nxd3 Be2 18. Nxc5 Bxf1 19. Rxf1 Rfd8 20. Nde4 Bxc5 21. Bxc5 b6 22. Bd4 c5 23. Be3 Rd3 24. Kf2 f6 25. Ke2 Rad8 26. Nd6 R3xd6 27. exd6 Rxd6 28. Rd1 Rxd1 29. Kxd1 Ne7 30. c4 Nc6 31. Kd2 f5 32. Kc3 Kg8 33. a3 Kf7 34. b4 cxb4+ 35. axb4 b5 36. cxb5 axb5 37. Bd2 Ke6 38. h3 Kd5 39. Kd3 h5 40. h4 g6 41. Kc3 Ke4 42. Bc1 Nd4 43. Bd2 Ne2+ 44. Kc2 Nxf4 45. g3 Ne2 46. Be1 Kf3 47. Kd3 Nxg3 48. Kd4 Ne4 49. Kd5 Ke2 50. Kc6 Kxe1 51. Kxb5 Nc3+ 52. Kc4 Kd2 53. b5 Nxb5 54. Kxb5 f4 55. Kc5 f3 56. Kd5 f2 57. Kd6 f1Q 58. Ke7 Qf5 59. Kd6 Qe4 60. Kd7 Qe5 61. Kd8 Qe6 62. Kc7 Qd5 63. Kc8 Qd6 64. Kb7 Qc5 65. Kb8 Qc6 66. Ka7 Qb5 67. Ka8 Kc3 68. Ka7 Kc4 69. Ka8 Kc5 70. Ka7 Kc6 71. Ka8 Qb7# 0-1

[Event "Oviedo op 8th"]
[Site "Oviedo"]
[Date "2022.07.20"]
[Round "5"]
[White "Miranda Gonzalez, Jose Luis"]
[Black "Carballido Bouzas, Adan"]
[Result "1-0"]
[WhiteElo "1909"]
[BlackElo "1728"]
[PlyCount "81"]
[EventDate "2022.07.17"]
[EventType "swiss"]
[EventRounds "9"]
[EventCountry "ESP"]
[SourceTitle "CBM 209 Extra"]
[Source "ChessBase"]
[SourceDate "2022.09.30"]
[SourceVersion "1"]
[SourceVersionDate "2022.09.30"]
[SourceQuality "1"]

1. e4 e5 2. Nf3 Nc6 3. Bb5 a6 4. Ba4 d6 5. c3 Nf6 6. d3 h6 7. 0-0 Be7 8. Nbd2 b5 9. Bc2 Bg4 10. a4 0-0 11. Re1 Re8 12. Nf1 Nh7 13. Ne3 Bh5 14. g4 Bg6 15. Nf5 Bf6 16. Be3 h5 17. h3 Ng5 18. Nxg5 Bxg5 19. gxh5 Bxf5 20. exf5 Bxe3 21. Rxe3 Qf6 22. Qg4 Ne7 23. Rf3 Nd5 24. Rg3 Nf4 25. Kh2 Qh6 26. Bd1 f6 27. Bf3 d5 28. Rag1 Re7 29. Bd1 Rb8 30. axb5 Rxb5 31. b3 Ra5 32. Qf3 Ra2 33. Qe3 Kh7 34. Kh1 g5 35. fxg6+ Kg7 36. Qc5 Rd7 37. Bg4 Nxh5 38. Bxd7 Nxg3+ 39. Rxg3 Qh8 40. Qe7+ Kh6 41. g7 1-0

[Event "Oviedo op 8th"]
[Site "Oviedo"]
[Date "2022.07.18"]
[Round "2"]
[White "Carballido Bouzas, Adan"]
[Black "Dias, Jose Oliveira Gaspa"]
[Result "1-0"]
[WhiteElo "1728"]
[BlackElo "1460"]
[PlyCount "119"]
[EventDate "2022.07.17"]
[EventType "swiss"]
[EventRounds "9"]
[EventCountry "ESP"]
[SourceTitle "CBM 209 Extra"]
[Source "ChessBase"]
[SourceDate "2022.09.30"]
[SourceVersion "1"]
[SourceVersionDate "2022.09.30"]
[SourceQuality "1"]

1. e4 d5 2. exd5 Nf6 3. Nc3 Bg4 4. Be2 Bxe2 5. Qxe2 a6 6. Qf3 g6 7. Nge2 Bg7 8. 0-0 0-0 9. d6 cxd6 10. Qxb7 Nbd7 11. Qf3 Ne5 12. Qh3 e6 13. d4 Ned7 14. Bh6 a5 15. Bxg7 Kxg7 16. Nb5 Qb6 17. a4 Rac8 18. c3 e5 19. Rfe1 Rfe8 20. f4 e4 21. g4 Nf8 22. Ng3 d5 23. f5 Rc6 24. g5 Ng8 25. f6+ Kh8 26. Qg4 Rec8 27. Re3 Nxf6 28. gxf6 Rxf6 29. Qg5 Rd8 30. Ne2 Rf5 31. Qe7 Kg7 32. Ng3 Rf6 33. Rf1 Rxf1+ 34. Kxf1 Rd7 35. Nh5+ Kh6 36. Qxf8+ Kxh5 37. Rh3+ Kg4 38. Qh6 Kf5 39. Rh5+ Kf6 40. Qxh7 Rd8 41. Re5 Qb8 42. Qh4+ Kg7 43. Qe7 Qc8 44. Qh4 Rh8 45. Qg3 Rh3 46. Qg2 Qc4+ 47. Kg1 Rd3 48. Qf1 Qxa4 49. Re7 Rf3 50. Qe2 Qb3 51. Nc7 Rd3 52. Kg2 a4 53. Ne6+ Kf6 54. Nc5 Qd1 55. Qxd1 Rxd1 56. Re5 Rd2+ 57. Kg3 Rxb2 58. Nxa4 Ra2 59. Nb6 Kg7 60. Nxd5 1-0

[Event "Pontevedra op-B 6th"]
[Site "Pontevedra"]
[Date "2018.08.13"]
[Round "8"]
[White "Carballido Bouzas, Adan"]
[Black "Van der Heide, Gerben"]
[Result "0-1"]
[WhiteElo "1539"]
[BlackElo "1911"]
[PlyCount "76"]
[EventDate "2018.08.08"]
[EventType "swiss"]
[EventRounds "9"]
[EventCountry "ESP"]
[SourceTitle "CBM 186 Extra"]
[Source "ChessBase"]
[SourceDate "2018.08.24"]
[SourceVersion "1"]
[SourceVersionDate "2018.08.24"]
[SourceQuality "1"]

1. Nf3 d6 2. d4 g6 3. g3 Bg7 4. c4 c5 5. Nc3 cxd4 6. Nxd4 Nc6 7. Nf3 Bxc3+ 8. bxc3 Nf6 9. Bg2 Qc7 10. 0-0 Na5 11. Qa4+ Bd7 12. Qb4 Nxc4 13. Nd4 Rb8 14. Nb5 Bxb5 15. Qxb5+ Nd7 16. f4 a6 17. Qb4 e6 18. e4 Qc5+ 19. Kh1 Qxb4 20. cxb4 b5 21. f5 0-0 22. Bh6 Rfe8 23. fxe6 fxe6 24. a4 Rb7 25. axb5 axb5 26. Rae1 Nde5 27. Rd1 Ng4 28. e5 d5 29. Rxd5 Nxh6 30. Rc5 Rb6 31. Ra1 Nf5 32. Bc6 Rc8 33. Bd7 Rd8 34. Bxb5 Nce3 35. Kg1 Nd4 36. Ra6 Rxb5 37. Rc7 Rf8 38. Raa7 Rf1# 0-1

[Event "Pontevedra op-B 6th"]
[Site "Pontevedra"]
[Date "2018.08.12"]
[Round "7"]
[White "Vazquez Alvarez, Diego"]
[Black "Carballido Bouzas, Adan"]
[Result "1-0"]
[WhiteElo "1837"]
[BlackElo "1539"]
[PlyCount "43"]
[EventDate "2018.08.08"]
[EventType "swiss"]
[EventRounds "9"]
[EventCountry "ESP"]
[SourceTitle "CBM 186 Extra"]
[Source "ChessBase"]
[SourceDate "2018.08.24"]
[SourceVersion "1"]
[SourceVersionDate "2018.08.24"]
[SourceQuality "1"]

1. e4 e5 2. d4 exd4 3. c3 dxc3 4. Bc4 d6 5. Nf3 c2 6. Qxc2 Nc6 7. 0-0 Nf6 8. Nc3 Be7 9. Re1 Nd7 10. Bb5 0-0 11. Nd5 Ndb8 12. b3 a6 13. Bd3 Be6 14. Bb2 Re8 15. Nxe7+ Nxe7 16. e5 Ng6 17. exd6 Qxd6 18. Qc3 f6 19. Ng5 Bf7 20. Bc4 Rxe1+ 21. Rxe1 Ne5 22. Nxf7 1-0

[Event "Gallego-ch U18"]
[Site "Viveiro"]
[Date "2017.02.26"]
[Round "4"]
[White "Carballido Bouzas, Adan"]
[Black "Couceiro Naveira, Patricia"]
[Result "1-0"]
[WhiteElo "1591"]
[BlackElo "1167"]
[PlyCount "25"]
[EventDate "2017.02.25"]
[EventType "swiss"]
[EventRounds "8"]
[EventCountry "ESP"]
[SourceTitle "EXT 2024"]
[Source "ChessBase"]
[SourceDate "2023.10.10"]
[SourceVersion "1"]
[SourceVersionDate "2023.10.10"]
[SourceQuality "1"]

1. e4 e5 2. Nf3 d6 3. Bc4 Nf6 4. Nc3 Nc6 5. 0-0 Nxe4 6. Bxf7+ Kxf7 7. Nxe4 Be7 8. d4 Bf6 9. d5 Ne7 10. Nfg5+ Ke8 11. Qh5+ Ng6 12. Nxh7 Kf7 13. Nhg5+ 1-0

[Event "Gallego-ch U18"]
[Site "Viveiro"]
[Date "2016.02.09"]
[Round "7"]
[White "Pazos Garcia, Anxo"]
[Black "Carballido Bouzas, Adan"]
[Result "1/2-1/2"]
[WhiteElo "1329"]
[BlackElo "1382"]
[PlyCount "60"]
[EventDate "2016.02.06"]
[EventType "swiss"]
[EventRounds "8"]
[EventCountry "ESP"]
[SourceTitle "EXT 2024"]
[Source "ChessBase"]
[SourceDate "2023.10.10"]
[SourceVersion "1"]
[SourceVersionDate "2023.10.10"]
[SourceQuality "1"]

1. Nf3 d5 2. g3 c5 3. d3 Nf6 4. Bg2 Bg4 5. 0-0 Nc6 6. Nbd2 e6 7. Re1 Be7 8. e4 0-0 9. h3 Bh5 10. c3 Bxf3 11. Bxf3 Ne5 12. Be2 dxe4 13. dxe4 Nd3 14. Rf1 c4 15. Qc2 Nxc1 16. Raxc1 b5 17. Nf3 Bc5 18. Rcd1 Qc7 19. Kg2 Rad8 20. Nd4 Qb6 21. Nf3 Rxd1 22. Rxd1 Bxf2 23. Bxc4 bxc4 24. Qxf2 Qxf2+ 25. Kxf2 Nxe4+ 26. Kg2 f6 27. Rd4 Nc5 28. Rxc4 Nd3 29. b3 Rd8 30. Rc7 a5 1/2-1/2

[Event "Gallego-ch U18"]
[Site "Viveiro"]
[Date "2016.02.07"]
[Round "3"]
[White "Santiago Garcia, Victor"]
[Black "Carballido Bouzas, Adan"]
[Result "1-0"]
[WhiteElo "1568"]
[BlackElo "1382"]
[PlyCount "111"]
[EventDate "2016.02.06"]
[EventType "swiss"]
[EventRounds "8"]
[EventCountry "ESP"]
[SourceTitle "EXT 2024"]
[Source "ChessBase"]
[SourceDate "2023.10.10"]
[SourceVersion "1"]
[SourceVersionDate "2023.10.10"]
[SourceQuality "1"]

1. b3 d5 2. Bb2 c5 3. e3 Nc6 4. Bb5 Bd7 5. f4 a6 6. Bxc6 Bxc6 7. Nf3 Nf6 8. 0-0 e6 9. d3 Bd6 10. Nbd2 0-0 11. Ne5 Qc7 12. Ndf3 b5 13. Qe1 c4 14. Qg3 Be7 15. Rac1 Bb7 16. Ng4 c3 17. Nxf6+ Bxf6 18. Ba3 Be7 19. Bxe7 Qxe7 20. d4 b4 21. Ne1 a5 22. Nd3 Ba6 23. Rcd1 Bxd3 24. Rxd3 a4 25. Qf3 axb3 26. axb3 Ra2 27. e4 Qb7 28. exd5 exd5 29. Re3 Qa7 30. Qxd5 Ra1 31. Rxa1 Qxa1+ 32. Kf2 Qc1 33. Qe4 f5 34. Qe6+ Kh8 35. Qe7 Qd2+ 36. Kf3 Rg8 37. Qxb4 Qxc2 38. Qxc3 Qa2 39. Qd3 Qa8+ 40. d5 Rf8 41. Re5 Qb7 42. Rxf5 Rxf5 43. Qxf5 Qxb3+ 44. Kg4 Qd1+ 45. Kh3 h6 46. Qe5 Qd3+ 47. g3 Qf1+ 48. Kh4 Qg2 49. Kg4 Qd2 50. d6 Kh7 51. Qf5+ Kh8 52. d7 g5 53. fxg5 hxg5 54. Kh5 Qd1+ 55. Kg6 Qd6+ 56. Qf6+ 1-0